Sir Bobby Charlton: the autobiography: my Manchester united years (Record no. 76516)
[ view plain ]
| 000 -LEADER | |
|---|---|
| fixed length control field | 00867nam a2200181 a 4500 |
| 008 - FIXED-LENGTH DATA ELEMENTS--GENERAL INFORMATION | |
| fixed length control field | 150617s2008 ||||||||||||||||| || u |
| 020 ## - INTERNATIONAL STANDARD BOOK NUMBER | |
| International Standard Book Number | 9780755316205 |
| 050 ## - LIBRARY OF CONGRESS CALL NUMBER | |
| Classification number | GV 939.43 Cha |
| 100 ## - MAIN ENTRY--PERSONAL NAME | |
| Personal name | Charlton, Bobby |
| 245 10 - TITLE STATEMENT | |
| Title | Sir Bobby Charlton: the autobiography: my Manchester united years |
| Statement of responsibility, etc. | by Bobby Charlton with James Lawton |
| 260 ## - PUBLICATION, DISTRIBUTION, ETC. | |
| Place of publication, distribution, etc. | London: |
| Name of publisher, distributor, etc. | Headline Publishing |
| Date of publication, distribution, etc. | 2008 |
| 300 ## - PHYSICAL DESCRIPTION | |
| Extent | ix, 437p.: ill. |
| 350 ## - | |
| -- | 15.95 |
| 650 ## - SUBJECT ADDED ENTRY--TOPICAL TERM | |
| Topical term or geographic name entry element | SOCCER--AUTOBIOGRAPHY--GREAT BRITAIN |
| 650 ## - SUBJECT ADDED ENTRY--TOPICAL TERM | |
| Topical term or geographic name entry element | SPORTS--GREAT BRITAIN |
| 995 ## - | |
| -- | MAIN LIBRARY OPEN ACCESS |
| -- | 745588 |
| -- | CBU-MAIN LIBRARY (Kitwe) |
| -- | 15.95 |
| -- | GV 939.43 Cha |
| -- | 1 |
| -- | AVAILABLE |
| -- | Oct 5, 2015 |
| -- | 745588 |
| -- | Main Library Open Access Collection |
| 995 ## - | |
| -- | MEDICAL LIBRARY OPEN ACCESS |
| -- | 903307 |
| -- | CBU-SCHOOL OF MEDICINE LIBRARY (Ndola) |
| -- | 15.95 |
| -- | GV 939.43 Cha |
| -- | 2 |
| -- | OUT |
| -- | Oct 5, 2015 |
| -- | 903307 |
| -- | Medical Library Open Access Collection |
| 999 ## - | |
| -- | 76516 |
| -- | 76516 |
| Withdrawn status | Lost status | Source of classification or shelving scheme | Damaged status | Not for loan | Permanent Location | Current Location | Shelving location | Date acquired | Total Checkouts | Full call number | Barcode | Date last seen | Copy number | Price effective from | Koha item type |
|---|---|---|---|---|---|---|---|---|---|---|---|---|---|---|---|
| CBU-MAIN LIBRARY, KITWE. | CBU-MAIN LIBRARY, KITWE. | 04/25/2023 | GV 939.43 Cha | 745588 | 04/25/2023 | 1 | 04/25/2023 | MONOGRAPH | |||||||
| CBU-SCHOOL OF MEDICINE LIBRARY, NDOLA. | CBU-SCHOOL OF MEDICINE LIBRARY, NDOLA. | 04/25/2023 | GV 939.43 Cha | 903307 | 04/07/2026 | 2 | 04/25/2023 | MONOGRAPH |